Quiz on UEFA Euro 2024 - Statistics

General Stats
  • This quiz has been taken 25 times
  • The average score is 10 of 15
Answer Stats
Questions Answers % Correct
In which country did UEFA Euro 2024 football take place? Germany
100%
How many teams participated in UEFA Euro 2024 football? 24
87%
With what score did the two semi-finals of Euro 2024 end? 2-1
83%
Which player scored England's equalizing goal against Slovakia in the round of 16 of Euro 2024? Jude Bellingham
83%
With how many points did England leave their group? 5
78%
Which German player has announced his retirement at the end of Euro 2024? Toni Kroos
78%
Which goalkeeper stopped Cristiano Ronaldo's penalty during extra time in the round of 16 between Slovenia and Portugal? Jan Oblak
70%
Who was the goalkeeper during the 6 matches of the France team at Euro 2024? Mike Maignan
70%
During which phase of play was Portugal eliminated from Euro 2024? Quarter-finals
70%
Which is the only country to have achieved a flawless performance during the group stages of Euro 2024 with 9 points? Spain
70%
Which match was the opening match of UEFA Euro 2024 football? Germany-Scotland
61%
What is the name of the great Spanish revelation? Lamine Yamal
57%
Which nation suffered an equalizer against Italy in the 98th minute, leading to their elimination from Euro 2024? Croatia
52%
Who is the only player on the France team to have scored a goal at Euro 2024 (excluding penalties and penalties)? Randal Kolo Muani
39%
What was the poster for the UEFA Euro 2024 final played on July 14, 2024? Spain-England
17%
No matching quizzes found
Score Distribution
Percent of People with Each Score
Percentile by Number Answered
Your Score History
You have not taken this quiz